La celestina / ed., pról. y pedagogía de rosendo roig

Guardado en:
Autor Principal: Rojas, Fernando de
Otros Autores: Roig, Rosendo, ed., pról. y pedagogía
Formato: Libro
Publicado: Bilbao : Mensajero, 1980
Materias:
Etiquetas: Agregar Etiqueta
Sin Etiquetas, Sea el primero en etiquetar este registro!
LEADER 00627nam a22001935a 4500
001 EHU.bham044152
003 AR-BHAM
005 20160812141816.0
008 130507s1980##################000#0#####d
020 |a 8427112181 
082 8 6 |a 862.2 
100 1 |a Rojas, Fernando de 
245 1 0 |a La celestina /  |b ed., pról. y pedagogía de rosendo roig  |c  Fernando De Rojas : 
260 |a Bilbao :  |b Mensajero,  |c 1980 
300 |a 302 p. 
653 |a Literatura española-1370-1516 
653 |a Teatro español-1370-1516 
700 1 |a Roig, Rosendo, ed., pról. y pedagogía 
859 |a AR-BHAM  |b BIB. HUMANIDADES - General  |h 862.2  |i R638-9  |p 398.16  |t Ej.1